000 01106nam a2200325 i 4500
001 12950
003 KOSZ 005
005 20220408100759.0
008 070810s1970 pl a f 001 0 pol
015 _aPB 1970/11073
040 _aWA N
_cWA N
_dKOSZ 005/RW
_dKOSZ 005/HR
041 1 _apol
_hfre
046 _k1970
080 _a543
100 1 _aTrémillon, Bernard
_eAutor
245 1 0 _aChemia analityczna :
_bpodstawy teoretyczne /
_cB.Trémillon ; tł. Maria Ługowska.
246 1 _iTyt. oryg.:
_aChimie analytique.
_n1,
_pGénéralités.
260 _aWarszawa :
_bPaństwowe Wydawnictwo Naukowe,
_c1970.
300 _a197, [2] s. :
_bil., err. ;
_c18 cm.
380 _aKsiążki
388 _a1901-2000
388 _a1945-1989
504 _aBibliogr. s. 193-[194]. Indeks.
650 4 _aChemia analityczna
658 _aChemia
700 1 _aŁugowska, Maria
_eTłumaczenie
710 2 _aPaństwowe Wydawnictwo Naukowe
_4pbl.
856 _uhttp://koha.tu.koszalin.pl/cgi-bin/koha/opac-detail.pl?biblionumber=12950
_yKatalog online BPK
942 _2UKD
_cKS
999 _c12950
_d12950